[Event "Frauenbundesliga 2021-22"]
[Site "Germany"]
[Date "2022.05.25"]
[Round "9.17"]
[White "Jelica, Mara"]
[Black "Salimova, Nurgyul"]
[Result "1/2-1/2"]
[WhiteElo "2121"]
[BlackElo "2418"]
[Annotator "TA"]
[PlyCount "93"]
[EventDate "2021.11.26"]
[EventType "team-tourn"]
[EventCountry "GER"]
[SourceTitle "playchess.com"]
[Source "ChessBase"]
[SourceQuality "1"]
[WhiteTeam "Schachfreunde Deizisau"]
[BlackTeam "OSG Baden-Baden"]
[WhiteTeamCountry "CRO"]
[BlackTeamCountry "BUL"]
[TimeControl "40/5400+30:1800+30"]

{[%evp 14,93,27,37,15,13,41,35,40,40,42,27,33,18,40,-21,0,-39,25,0,0,0,0,0,10,0,21,8,30,23,37,6,28,22,87,37,36,22,100,73,192,172,188,116,185,169,176,10,20,0,0,0,0,0,0,0,0,0,0,0,0,0,0,0,0,0,0,0,0,0,0,0,0,0,0,0,0,0,0,0,0,0]} 1. e4 {[%emt 0:00:01]} c6 {[%emt 0:00:07]} 2. d4 {[%emt 0:00:09]} d5 {[%emt 0:00:17]} 3. Nc3 {[%emt 0:01:39]} dxe4 {[%emt 0:00:07]} 4. Nxe4 {[%emt 0:00:12]} Nf6 {[%emt 0:00:08]} 5. Nxf6+ {[%emt 0:00:06]} exf6 {[%emt 0:00:06]} 6. c3 {[%emt 0:00:04]} Bd6 {[%emt 0:00:34]} 7. Bd3 {[%emt 0:00:07]} O-O {[%emt 1:32:41]} 8. Qc2 {[%emt 0:00:09] Active counter play!} Re8+ {[%emt 0:00:00] B15: Caro-Kann: 3 Nc3: 3...g6 and 3...dxe4 4 Nxe4 Nf6 5 Nxf6+ exf6.} 9. Ne2 {[%emt 0:00:03]} h5 {[%emt 0:00:00]} (9... f5 $5) 10. O-O {[%emt 0:07:40]} h4 {[%emt 0:00:00] White is slightly better.} 11. h3 {[%emt 0:02:41]} Nd7 {[%emt 0:00:00]} 12. Bd2 {[%emt 0:01:51]} Nf8 {[%emt 0:00:00]} 13. Rae1 {[%emt 0:01:30]} Bc7 {[%emt 0:00:00] [#]} 14. Qc1 $146 {[%emt 0:06:51]} ({White should play} 14. Kh1 $14) ({Predecessor:} 14. b3 Be6 15. Kh1 Qd7 16. Ng1 Rad8 17. f4 f5 18. Nf3 Ng6 19. Ng5 c5 20. Nxe6 fxe6 {1-0 (73) Sjugirov,S (2661)-Shuvalova,P (2507) Chess.com INT 2021}) 14... Be6 {[%emt 0:00:00]} ({But not} 14... Qd6 15. Bf4 Qd8 16. Bxc7 Qxc7 17. Qf4 Qxf4 18. Nxf4 $11) (14... Ne6 $5 {[%cal Rd8d6]}) 15. b3 {[%emt 0:07:15]} a5 {[%emt 0:00:00]} (15... Qd6 16. Bf4 Qe7 17. Bxc7 Qxc7 18. Nf4 $14) (15... Ng6 $1 $15) 16. Bf4 {[%emt 0:00:40]} a4 {[%emt 0:00:00]} 17. Bxc7 {[%emt 0:01:02]} Qxc7 {[%emt 0:00:00]} 18. c4 {[%emt 0:02:29]} axb3 {[%emt 0:00:00]} 19. axb3 {[%emt 0:00:01]} Red8 {[%emt 0:00:00]} 20. Qe3 {[%emt 0:06:00]} Ra5 {[%emt 0:00:00]} 21. Ra1 {[%emt 0:03:57]} Rda8 {[%emt 0:00:00]} 22. Rxa5 {[%emt 0:00:25]} Rxa5 {[%emt 0:00:00]} 23. Rd1 {[%emt 0:06:53][%cal Bf1d1,Bd1a1,Ba1a8][%mdl 32]} Rg5 {[%emt 0:00:00]} (23... Ra3 $11) 24. f4 {[%emt 0:04:13]} ({White should try} 24. Nc3 $16) 24... Ra5 $14 {[%emt 0:00:00]} 25. b4 {[%emt 0:06:57]} Rh5 {[%emt 0:00:00]} (25... Ra3 $11 {keeps the balance.}) 26. Ra1 {[%emt 0:04:29]} g6 {[%emt 0:00:00]} (26... Qd8 $16) 27. Ra8 $18 {[%emt 0:06:36][%cal Od3g6] Black must now prevent Bxg6!} Kg7 {[%emt 0:00:00] [#]} 28. Nc3 {[%emt 0:09:29]} (28. d5 $1 $18 {[%cal Rd5e6]} cxd5 29. c5) 28... b5 {[%emt 0:00:00]} (28... Qd7 $16 29. Be2 Rh8) 29. d5 {[%emt 0:02:18]} ({Don't do} 29. cxb5 cxb5 30. Bxb5 (30. Nxb5 Qc6 $11) 30... Rf5 $16) 29... cxd5 {[%emt 0:00:00]} 30. Nxb5 $2 {[%emt 0:01:33]} (30. c5 $18) 30... Qc6 $11 {[%emt 0:00:00] The position is equal.} 31. Ra5 {[%emt 0:06:09] And now c5 would win.} dxc4 {[%emt 0:01:03]} 32. Nd4 {[%emt 0:00:11]} Qd6 {[%emt 0:03:02]} 33. Rxh5 {[%emt 0:00:36]} gxh5 {[%emt 0:01:19]} 34. Bxc4 {[%emt 0:01:36]} Qxb4 {[%emt 0:02:00]} 35. Bxe6 {[%emt 0:04:01]} Nxe6 {[%emt 0:00:37]} 36. Nxe6+ {[%emt 0:00:24]} fxe6 {[%emt 0:00:06]} 37. Qxe6 {[%emt 0:00:13]} Qxf4 {[%emt 0:00:17][%mdl 4096] Endgame KQ-KQ} 38. Qe7+ {[%emt 0:00:20]} Kg6 {[%emt 0:00:45]} 39. Qe8+ {[%emt 0:00:19]} Kg5 {[%emt 0:00:51]} 40. Qg8+ {[%emt 0:00:15]} Kh6 {[%emt 0:00:34]} 41. Qf8+ {[%emt 0:30:43]} Kg6 {[%emt 0:30:10]} 42. Qg8+ {[%emt 0:00:07]} Kf5 {[%emt 0:02:03]} 43. Qh7+ {[%emt 0:00:10]} Kg5 {[%emt 0:00:47]} 44. Qg7+ {[%emt 0:00:07]} Kf5 {[%emt 0:00:05]} 45. Qh7+ {[%emt 0:00:03]} Kg5 {[%emt 0:00:19]} 46. Qg7+ {[%emt 0:00:01]} Kf5 {[%emt 0:00:07]} 47. Qh7+ {[%emt 0:00:02] Weighted Error Value: White=0.21 (precise) /Black=0.20 (precise)} 1/2-1/2

[Event "Frauenbundesliga 2021-22"]
[Site "Germany"]
[Date "2022.05.25"]
[Round "9.18"]
[White "Heinemann, Josefine"]
[Black "Valkova, Angelika"]
[Result "1-0"]
[WhiteElo "2300"]
[BlackElo "2066"]
[Annotator "TA"]
[PlyCount "67"]
[EventDate "2021.11.26"]
[EventType "team-tourn"]
[EventCountry "GER"]
[SourceTitle "playchess.com"]
[Source "ChessBase"]
[SourceQuality "1"]
[WhiteTeam "OSG Baden-Baden"]
[BlackTeam "Schachfreunde Deizisau"]
[WhiteTeamCountry "GER"]
[TimeControl "40/5400+30:1800+30"]

{[%evp 9,67,7,30,28,37,17,32,17,25,35,34,22,45,14,52,19,27,25,27,27,29,17,42,36,254,240,313,324,633,622,693,720,715,675,691,680,681,620,671,631,760,733,1077,1041,29985,29986,29988,29989,29990,29990,29990,29986,29991,29992,29992,29993,29993,29994,29998,29996]} 1. e4 {[%emt 0:00:03]} c6 {[%emt 0:00:05]} 2. d4 {[%emt 0:00:08]} d5 {[%emt 0:00:07]} 3. e5 {[%emt 0:00:04]} Bf5 {[%emt 0:00:06]} 4. Nf3 {[%emt 0:00:13]} e6 {[%emt 0:00:10]} 5. Be2 {[%emt 0:00:10]} Nd7 {[%emt 0:00:11]} 6. c3 {[%emt 0:00:36] B12: Caro-Kann: Advance Variation.} Bg6 {[%emt 0:00:46]} 7. Nbd2 {[%emt 0:02:05][%cal Bb1d2,Bd2b3,Bb3d4,Bd4e6,Be6c5][%mdl 32]} Nh6 {[%emt 0:00:12]} 8. O-O {[%emt 0:01:43] White is slightly better.} Nf5 {[%emt 0:02:46]} 9. a4 {[%emt 0:03:25]} Be7 {[%emt 0:03:52]} 10. g4 {[%emt 0:04:57] [#]} Nh6 $146 {[%emt 0:01:48]} ({Predecessor:} 10... Nh4 11. Nxh4 Bxh4 12. f4 f5 13. exf6 Bxf6 14. g5 Be7 15. Bg4 Bf5 16. Re1 O-O {½-½ (30) Fuhrwerk,K (2287)-Napalkov,V (2401) ICCF email 2009}) 11. h3 {[%emt 0:00:49]} O-O {[%emt 0:00:52]} 12. Nb3 {[%emt 0:03:34]} f6 {[%emt 0:06:22]} 13. exf6 {[%emt 0:04:26]} Rxf6 {[%emt 0:00:05]} 14. Ne5 {[%emt 0:09:11]} Nxe5 {[%emt 0:03:56]} 15. dxe5 {[%emt 0:01:57]} Rf8 {[%emt 0:00:21]} 16. Nd4 $36 {[%emt 0:04:57][%mdl 2048] Black is under pressure.} Bc5 $2 {[%emt 0:42:02] [#] Black cannot hold the game after this.} (16... Qc8 $14) 17. Nxe6 $18 {[%emt 0:09:30]} Qh4 {[%emt 0:00:08][%cal Rf8f2]} 18. Nxc5 {[%emt 0:00:53]} b6 $2 {[%emt 0:06:15]} (18... Qxh3 19. g5 Nf7) 19. Ne6 {[%emt 0:03:24]} Qxh3 {[%emt 0:02:48][%cal Og6e4] [#] ( -> ...Be4!)} 20. Ng5 {[%emt 0:04:59]} ({Avoid the trap} 20. Nxf8 $2 Be4 21. f3 Qg3+ 22. Kh1 Nxg4 $19) 20... Qh4 {[%emt 0:00:21]} 21. Kg2 {[%emt 0:01:32]} Be4+ {[%emt 0:04:38]} 22. Nxe4 {[%emt 0:03:07]} dxe4 {[%emt 0:00:04]} 23. Bxh6 {[%emt 0:03:10]} gxh6 {[%emt 0:02:25]} 24. Qd2 {[%emt 0:02:26] Inhibits Rf4.} Rad8 {[%emt 0:10:05]} 25. Qe3 {[%emt 0:00:16]} Rd3 {[%emt 0:03:45]} 26. Bxd3 {[%emt 0:00:24]} Rf3 {[%emt 0:00:13]} 27. Bc4+ {[%emt 0:01:41] White mates.} Kf8 {[%emt 0:00:33]} 28. Qxe4 {[%emt 0:00:08]} Qh3+ {[%emt 0:01:39]} 29. Kg1 {[%emt 0:00:04]} h5 {[%emt 0:01:32]} 30. e6 {[%emt 0:00:28]} Ke7 {[%emt 0:03:27]} 31. Qxh7+ {[%emt 0:00:12]} Kf6 {[%emt 0:00:18]} 32. Qh6+ {[%emt 0:00:23]} Ke7 {[%emt 0:02:38]} 33. Qg7+ {[%emt 0:00:08]} Kd6 {[%emt 0:00:20]} 34. Rad1+ {[%emt 0:00:06] Weighted Error Value: White=0.12 (very precise) /Black=0.95} 1-0

[Event "Frauenbundesliga 2021-22"]
[Site "Germany"]
[Date "2022.05.25"]
[Round "9.19"]
[White "Reizniece-Ozola, Dana"]
[Black "Cyfka, Karina"]
[Result "*"]
[WhiteElo "2274"]
[BlackElo "2404"]
[Annotator "TA"]
[PlyCount "78"]
[EventDate "2021.11.26"]
[EventType "team-tourn"]
[EventCountry "GER"]
[SourceTitle "playchess.com"]
[Source "ChessBase"]
[SourceQuality "1"]
[WhiteTeam "Loeberitz"]
[BlackTeam "Leipzig"]
[WhiteTeamCountry "LAT"]
[BlackTeamCountry "POL"]
[TimeControl "40/5400+30:1800+30"]

{[%evp 9,78,-11,-20,-36,-7,-10,-14,0,-9,0,0,-4,4,-25,-15,-18,-15,-12,-12,-10,-7,-6,-8,-61,28,0,12,14,24,0,0,0,29,14,51,25,24,30,28,6,16,19,29,18,24,0,2,0,0,0,0,0,0,0,0,0,0,-18,-18,-18,-18,-20,-10,-33,-16,-23,-23,-18,-9,-9,-7]} 1. c4 {[%emt 0:00:02]} e5 {[%emt 0:00:14]} 2. Nc3 {[%emt 0:00:36]} Bb4 {[%emt 0:00:25]} 3. Qc2 {[%emt 0:00:21]} Nf6 {[%emt 0:01:22]} 4. g3 {[%emt 0:00:22]} O-O {[%emt 0:03:51]} 5. Bg2 {[%emt 0:00:12]} Re8 {[%emt 0:05:19]} 6. Nf3 {[%emt 0:03:28] A22: English Opening: 1...e5 2 Nc3 Nf6.} c6 {[%emt 0:01:51]} 7. O-O {[%emt 0:03:37]} d5 {[%emt 0:03:46]} 8. cxd5 {[%emt 0:01:02]} cxd5 {[%emt 0:00:48]} 9. d4 {[%emt 0:01:26]} e4 {[%emt 0:06:35]} 10. Ne5 {[%emt 0:00:27] [#]} h6 $146 {[%emt 0:05:37]} ({Predecessor:} 10... Nc6 11. Nxc6 bxc6 12. Na4 Bg4 13. f3 exf3 14. exf3 Bd7 15. Nc5 Qb6 16. Bg5 Bxc5 17. dxc5 {½-½ (30) Krasenkow,M (2626)-Moiseenko,A (2648) Trzcianka 2018}) 11. f3 {[%emt 0:03:16][%cal Rf3e4]} exf3 {[%emt 0:01:18]} 12. exf3 {[%emt 0:02:04]} Nc6 {[%emt 0:07:56]} 13. Nxc6 {[%emt 0:06:29]} bxc6 {[%emt 0:00:05]} 14. Rd1 {[%emt 0:00:21]} Bd6 {[%emt 0:04:05]} 15. Na4 {[%emt 0:05:10]} Qc7 {[%emt 0:04:03]} 16. Bd2 {[%emt 0:02:47]} (16. Bf1 $11) 16... Nh5 {[%emt 0:18:00]} ({Don't do} 16... Re2 17. Qd3 Re7 18. Re1 $11) (16... h5 $1 $15) 17. Rac1 {[%emt 0:04:27]} (17. Re1 $5 {[%cal Re1e8]} Bb7 18. Nc5 $14) 17... Bd7 {[%emt 0:03:12]} 18. Be1 {[%emt 0:05:36]} g6 {[%emt 0:03:41]} 19. b4 {[%emt 0:04:10]} Rac8 {[%emt 0:05:21]} 20. Nc5 {[%emt 0:03:19]} Bf5 {[%emt 0:00:48]} 21. Qd2 {[%emt 0:02:56]} Kh7 {[%emt 0:01:31][%cal Oh5f4]} 22. Bf2 {[%emt 0:03:07]} Ng7 {[%emt 0:02:29]} 23. Bf1 {[%emt 0:09:45]} h5 {[%emt 0:01:01]} 24. a4 {[%emt 0:10:09]} Qe7 {[%emt 0:03:58]} 25. Re1 {[%emt 0:05:16]} Qf8 {[%emt 0:02:03]} 26. Rxe8 {[%emt 0:08:14]} (26. Be3 {looks sharper.} Rc7 27. Bh6 Rce7 28. Rxe7 Qxe7 29. Bg5) 26... Qxe8 {[%emt 0:00:57]} 27. Re1 {[%emt 0:01:24]} Qf8 {[%emt 0:00:41]} 28. Qe2 {[%emt 0:06:04]} Re8 {[%emt 0:04:46]} 29. Qa6 {[%emt 0:00:35]} Rxe1 {[%emt 0:00:05]} 30. Bxe1 {[%emt 0:00:01]} Qe7 {[%emt 0:00:22]} 31. Bf2 {[%emt 0:00:41]} Qc7 {[%emt 0:00:22]} 32. Qe2 {[%emt 0:04:43]} Ne6 {[%emt 0:02:14]} 33. Nxe6 {[%emt 0:01:06]} Bxe6 {[%emt 0:00:08]} 34. Be1 {[%emt 0:00:29]} Qb6 {[%emt 0:03:37]} 35. Qd2 {[%emt 0:00:06]} Bc8 {[%emt 0:00:58]} 36. a5 {[%emt 0:00:45]} Qd8 {[%emt 0:00:49]} 37. b5 {[%emt 0:02:10]} cxb5 {[%emt 0:01:26]} 38. Bxb5 {[%emt 0:00:02]} Qf6 {[%emt 0:00:49]} 39. Qe3 {[%emt 0:00:52]} Be6 {[%emt 0:00:36] Weighted Error Value: White=0.10 (very precise) /Black=0.09 (flawless)} *

[Event "Frauenbundesliga 2021-22"]
[Site "Germany"]
[Date "2022.05.25"]
[Round "9.20"]
[White "Kulon, Klaudia"]
[Black "Rogule, Laura"]
[Result "0-1"]
[WhiteElo "2305"]
[BlackElo "2297"]
[Annotator "TA"]
[PlyCount "76"]
[EventDate "2021.11.26"]
[EventType "team-tourn"]
[EventCountry "GER"]
[SourceTitle "playchess.com"]
[Source "ChessBase"]
[SourceQuality "1"]
[WhiteTeam "Leipzig"]
[BlackTeam "Loeberitz"]
[WhiteTeamCountry "POL"]
[BlackTeamCountry "LAT"]
[TimeControl "40/5400+30:1800+30"]

{[%evp 14,76,17,14,17,0,0,-6,-14,-28,-16,-43,-44,-52,-12,-77,-45,-45,-52,-88,-62,-79,-64,-139,-122,-104,-137,251,-128,-171,-183,-174,-190,-186,-188,-177,-207,-390,-402,-399,-389,-380,-381,-382,-320,-384,-294,-500,-468,-524,-405,-340,-242,-2049,-2109,-1816,-1744,-2525,-2064,-29989,-29990,-29991,-29991,-29998,-29999]} 1. c4 {[%emt 0:00:03]} c5 {[%emt 0:00:09]} 2. Nc3 {[%emt 0:00:17]} Nc6 {[%emt 0:00:17]} 3. g3 {[%emt 0:00:22]} g6 {[%emt 0:00:11]} 4. Bg2 {[%emt 0:00:06]} Bg7 {[%emt 0:00:07]} 5. a3 {[%emt 0:01:32]} Nf6 {[%emt 0:05:19]} 6. Rb1 {[%emt 0:00:36]} a5 {[%emt 0:03:30] 6...0-0 is more fashionable.} 7. e4 {[%emt 0:01:55]} O-O {[%emt 0:03:15]} 8. d3 {[%emt 0:02:02]} d6 {[%emt 0:04:05] A36: Symmetrical English vs ...g6: 4 Bg2 Bg7.} 9. h3 {[%emt 0:00:56]} Ne8 {[%emt 0:02:36]} 10. Nge2 {[%emt 0:01:28]} Nc7 {[%emt 0:06:11] [#] The position is equal.} 11. g4 $146 {[%emt 0:09:55]} ({Predecessor:} 11. O-O Rb8 12. Nd5 Ne6 13. Nec3 Ned4 14. Kh2 e6 15. Ne3 f5 16. f4 Bd7 17. Bd2 h5 18. a4 h4 19. g4 {1-0 (36) Miezis,N (2434)-Barski,R (2452) Katowice 2017}) 11... Nd4 {[%emt 0:16:15]} 12. Be3 {[%emt 0:05:54]} Bd7 {[%emt 0:11:19]} 13. a4 {[%emt 0:01:07]} e6 {[%emt 0:11:04]} 14. h4 {[%emt 0:11:04]} (14. Nb5 $11 {remains equal.}) 14... f5 {[%emt 0:10:55]} (14... e5 $5 {[%cal Rd7g4]} 15. Ng3 Na6 $15) 15. h5 {[%emt 0:13:54]} fxg4 {[%emt 0:08:43]} 16. hxg6 {[%emt 0:00:48]} hxg6 {[%emt 0:00:54]} 17. e5 {[%emt 0:01:59]} Bxe5 {[%emt 0:04:03][%cal Od6d5] And now ...d5! would win.} 18. Nxd4 {[%emt 0:04:41]} (18. Ne4 $1 $15 Nf3+ 19. Bxf3 gxf3 20. Ng1) 18... cxd4 $17 {[%emt 0:00:36][%cal Bc5d4,Bd4e3,Be3f2][%mdl 32]} 19. Qxg4 {[%emt 0:00:07]} dxe3 {[%emt 0:01:54]} ({Don't play} 19... Qf6 20. Ne4 (20. Qh3 $2 Qf7 $19) 20... Qf5 21. Qh4 $1 $14) 20. Qxg6+ {[%emt 0:00:05]} Bg7 {[%emt 0:00:05]} 21. Be4 {[%emt 0:00:14][%cal Oh1h8] Rh8+! would kill now.} exf2+ {[%emt 0:03:17]} 22. Kd2 {[%emt 0:00:48][%cal Oh1h8] [#] White threatens Rh8+! and mate.} Rf5 $1 {[%emt 0:01:18]} 23. Bxf5 {[%emt 0:00:21]} exf5 {[%emt 0:00:05]} 24. Rh2 {[%emt 0:10:40][%cal Oc3e4] [#]} ({But not} 24. Nb5 $2 Nxb5 25. axb5 Qe7 26. Qh7+ Kf8 $19) 24... Qf6 $1 {[%emt 0:02:03]} ({And not} 24... Qe8 25. Qxd6 Qe5 26. Qxe5 Bxe5 27. Rxf2 $17) 25. Qg2 {[%emt 0:02:22]} (25. Qxf6 {was called for.} Bxf6 26. Rxf2) 25... Bc6 $19 {[%emt 0:02:35]} 26. Qxf2 {[%emt 0:00:02]} Ne6 {[%emt 0:02:44][%cal Bc7e6,Be6d4,Bd4e2][%mdl 32]} 27. Rf1 {[%emt 0:01:58]} Nd4 {[%emt 0:00:00] Strongly threatening ...Nf3+.} 28. Kc1 {[%emt 0:00:06]} Re8 {[%emt 0:00:00]} 29. Kb1 {[%emt 0:02:22]} Ne2 {[%emt 0:00:26]} 30. Nd1 {[%emt 0:01:17]} (30. Qe1 {was necessary.} Nxc3+ 31. Qxc3) 30... Bxa4 {[%emt 0:00:36]} 31. Qb6 {[%emt 0:00:02]} f4 {[%emt 0:00:37]} 32. Qxb7 {[%emt 0:01:52]} Qd4 {[%emt 0:00:26] Prevents Nc3.} 33. Nf2 {[%emt 0:01:40] [#]} (33. Rg2) 33... Bc6 $1 {[%emt 0:00:34][%mdl 512]} 34. Qb3 {[%emt 0:00:18]} a4 {[%emt 0:00:35]} 35. Qb4 {[%emt 0:03:54]} Re7 {[%emt 0:00:24] ( -> ...Rb7)} 36. Nd1 {[%emt 0:05:29]} Qxd3+ {[%emt 0:00:21] Black mates.} 37. Ka1 {[%emt 0:02:24]} Rb7 {[%emt 0:00:08]} 38. Qa5 {[%emt 0:00:22]} Qa3+ {[%emt 0:00:27] Weighted Error Value: White=0.81/Black=0.29 (precise)} 0-1

[Event "Frauenbundesliga 2021-22"]
[Site "Germany"]
[Date "2022.05.25"]
[Round "9.21"]
[White "Berzina, Ilze"]
[Black "Hincu, Olga"]
[Result "1-0"]
[WhiteElo "2180"]
[BlackElo "2078"]
[Annotator "TA"]
[PlyCount "85"]
[EventDate "2021.11.26"]
[EventType "team-tourn"]
[EventCountry "GER"]
[SourceTitle "playchess.com"]
[Source "ChessBase"]
[SourceQuality "1"]
[WhiteTeam "Loeberitz"]
[BlackTeam "Leipzig"]
[WhiteTeamCountry "LAT"]
[BlackTeamCountry "MDA"]
[TimeControl "40/5400+30:1800+30"]

{[%evp 12,85,17,12,83,85,85,86,83,79,86,73,75,74,83,66,110,28,91,88,86,79,133,135,136,128,145,157,152,143,149,152,148,143,155,152,161,155,160,138,321,95,253,160,339,344,388,294,754,701,615,271,457,451,451,447,346,321,746,499,480,206,6303,421,436,414,398,389,683,677,985,824,824,786,805,798]} 1. d4 {[%emt 0:00:08]} d5 {[%emt 0:00:03]} 2. c4 {[%emt 0:00:13]} e6 {[%emt 0:00:04]} 3. Nf3 {[%emt 0:00:20]} Nf6 {[%emt 0:00:08]} 4. g3 {[%emt 0:00:36]} Nbd7 {[%emt 0:01:38]} 5. Bg2 {[%emt 0:05:56]} c6 {[%emt 0:01:09]} 6. Qc2 {[%emt 0:05:50]} Bd6 {[%emt 0:02:44]} 7. O-O {[%emt 0:01:16]} e5 {[%emt 0:07:26] E01: Catalan: Early deviations.} (7... O-O $11) 8. cxd5 $16 {[%emt 0:09:32]} cxd5 {[%emt 0:01:26]} 9. dxe5 {[%emt 0:02:22]} Nxe5 {[%emt 0:00:05] White is better.} 10. Nc3 {[%emt 0:01:30]} O-O {[%emt 0:03:14]} 11. Rd1 {[%emt 0:06:29]} Be6 {[%emt 0:04:23]} 12. Bg5 {[%emt 0:09:17][%cal Oc3d5]} Rc8 {[%emt 0:03:15]} 13. Nd4 {[%emt 0:13:30][%cal Og2d5]} h6 {[%emt 0:03:52]} 14. Bf4 {[%emt 0:03:56] [#]} (14. Bxf6 $16 Qxf6 15. Bxd5) 14... Qd7 $146 {[%emt 0:04:31]} (14... Nc4 $11 {keeps the balance.}) ({Predecessor:} 14... a6 15. Qb3 Qa5 16. Nxe6 fxe6 17. e4 Nfg4 18. exd5 Nxf2 19. Kxf2 g5 20. Ne4 Bc5+ {1-0 (38) Mazalon,M (2148)-Wodzynski,M (1929) Znin 2008}) 15. Nxe6 {[%emt 0:03:22] Black is now going downhill.} fxe6 {[%emt 0:02:32]} 16. e4 {[%emt 0:02:37]} Neg4 {[%emt 0:16:45] [#]} ({Better is} 16... d4 17. Rxd4 Qe7) 17. Bxd6 $1 {[%emt 0:14:06]} Qxd6 {[%emt 0:00:06]} 18. exd5 {[%emt 0:01:02]} (18. h3 $6 Nxe4 19. Nxe4 Rxc2 $11) 18... exd5 {[%emt 0:06:02]} 19. h3 {[%emt 0:03:25]} Ne5 {[%emt 0:02:00]} 20. Qb3 {[%emt 0:01:00]} (20. Bxd5+ Nxd5 21. Qb3 Qb6 22. Qxd5+ Kh8 23. Qxe5 Qxf2+ 24. Kh1 Qf3+ 25. Kh2 Qf2+ 26. Kh1 Qf3+ 27. Kh2 Qf2+ 28. Kh1 $11) 20... Kh8 {[%emt 0:09:02]} 21. Nxd5 {[%emt 0:01:17]} Nxd5 {[%emt 0:01:26]} 22. Rxd5 {[%emt 0:05:16]} (22. Rd2 Nc4 23. Rxd5 Qf6 $16) 22... Qf6 {[%emt 0:01:09]} 23. f4 {[%emt 0:02:35]} Nc4 {[%emt 0:02:39]} 24. Re1 {[%emt 0:01:42]} b6 {[%emt 0:03:18]} 25. Rd7 {[%emt 0:00:45]} Nxb2 $2 {[%emt 0:05:38]} (25... Rfd8 $16 {keeps fighting.} 26. Qb5 Nd6 27. Rxd8+ Rxd8) 26. Qe6 $2 {[%emt 0:00:32]} (26. Rxa7 Rfd8 27. Rf7 Qd4+ 28. Kh2 Qc4 $16) (26. Ree7 $18 Rg8 27. Kh2 (27. Rxa7 Rc1+ 28. Kh2 Nc4 $16)) 26... Qc3 {[%emt 0:05:38]} (26... Qxe6 $16 27. Rxe6 Rfd8) 27. Kh2 {[%emt 0:01:32]} Rfd8 $2 {[%emt 0:09:56]} (27... Nd3 $16 28. Re3 Nc5 29. Rxc3 Nxe6 30. Rxc8 Rxc8) 28. Rxa7 $18 {[%emt 0:02:01][%cal Oe6g6] [#] aiming for Qg6!} Rd2 {[%emt 0:00:43]} 29. Re2 {[%emt 0:00:25]} Rcd8 {[%emt 0:00:59]} (29... Rxe2 30. Qxe2 Nd3) 30. Rxd2 {[%emt 0:00:33]} Qxd2 {[%emt 0:00:19]} 31. Qe7 {[%emt 0:01:04]} (31. Qe5 $142 {[%csl Ga7][%cal Re5g7]} Rg8 32. Rc7) 31... Rg8 {[%emt 0:00:51]} (31... Qd4 {is a better defense.} 32. f5 Qf6) 32. Rd7 {[%emt 0:00:11]} Qc2 {[%emt 0:01:10]} 33. Rc7 {[%emt 0:00:38]} Qf2 {[%emt 0:00:48]} 34. Qe4 {[%emt 0:00:33] And now Rc2 would win.} Rd8 $2 {[%emt 0:01:34]} (34... Nd1 35. Re7 Qc5) 35. Qg6 {[%emt 0:00:21][%csl Gc7][%cal Rg6g7]} Qd4 {[%emt 0:00:18]} 36. Rc2 $40 {[%emt 0:00:17][%mdl 128] White has strong attack.} (36. Be4 Qf2+ 37. Bg2 Qd4 $18) (36. Rf7 $142 {Intending f5 and mate.} Nd3 37. f5) 36... Qb4 $2 {[%emt 0:00:53]} (36... Nd1 37. Be4 Kg8 38. Qh7+ (38. Rc7 Qb2+ 39. Bg2 Qf6 $18) 38... Kf7 39. Qf5+ (39. Rc7+ Rd7 $16) 39... Kg8 40. Qh7+ Kf7 41. Bg6+ (41. Rc7+ Rd7 $16) 41... Ke7) 37. h4 {[%emt 0:00:44]} (37. Be4 $142 Qxe4 38. Qxe4) 37... Nd1 {[%emt 0:00:22]} 38. Re2 {[%emt 0:01:20] Inhibits Ne3. Threatening mate with Re8+.} ({Less strong is} 38. Rc7 Qb2 $18) (38. Be4 Rd2+ 39. Bg2 (39. Rxd2 Qxd2+ 40. Bg2 Ne3 $11) 39... Rxc2 40. Qxc2 Ne3 $16) 38... Nc3 {[%emt 0:00:39]} 39. Re6 {[%emt 0:00:16] Threatens to win with f5.} b5 $2 {[%emt 0:00:23]} (39... Qb2 40. Qh5 Kg8) 40. f5 {[%emt 0:00:38][%cal Bf4f5,Bf5f6][%mdl 32] f6 is the strong threat. White is clearly winning.} Qb1 {[%emt 0:00:49]} 41. Re8+ {[%emt 0:05:41]} Rxe8 {[%emt 0:00:02]} 42. Qxe8+ {[%emt 0:00:06]} Kh7 {[%emt 0:00:03]} 43. f6 {[%emt 0:00:10] Weighted Error Value: White=0.54/Black=0.57} 1-0